| 000 | 00401 a2200145 4500 | ||
|---|---|---|---|
| 005 | 20250620122949.0 | ||
| 020 | _a978-93-325-0747-0 | ||
| 100 | _aSURESH, P | ||
| 245 | _aManagement of Banking and FIinancial Services | ||
| 250 | _a3th Ed | ||
| 260 |
_aTaramani _bPearson India Education Services _c2015 |
||
| 300 |
_aix, 683p.: ill; Graphy, Table _bIndex _c27cm |
||
| 700 | _aPAUL, J | ||
| 942 |
_2ddc _cBKS |
||
| 999 |
_c4528 _d4528 |
||